| 000 | 01073aam a2200337 i 4500 | ||
|---|---|---|---|
| 001 | 768714001 | ||
| 003 | CO-MdFUSB | ||
| 005 | 20220213063805.0 | ||
| 007 | ta | ||
| 008 | 220203t1977 sp a|||| |||| 00| 0 spa d | ||
| 020 | _a8476450036 | ||
| 040 |
_bspa. _aCO-MdFUSB _cCO-MdFUSB _dCO-MdFUSBC _erda |
||
| 041 | _aspa | ||
| 082 | 0 | 4 |
_a231.765 _223 _bM8211v |
| 100 | 1 |
_aMoore, J. N. _eautor |
|
| 245 | 1 | 0 |
_aVida, herencia y desarrollo _c/ J. N. Moore ; traducido por Santiago Escuain |
| 264 | 1 |
_aTerrassa, Barcelona, España : _bClie, _c[1977] |
|
| 264 | 4 | _c© 1977 | |
| 300 |
_a166 páginas _c; 18 cm |
||
| 336 |
_atexto _btxt _2rdacontent |
||
| 337 |
_2rdamedia _asin mediación _bn |
||
| 338 |
_2rdacarrier _avolumen _bnc |
||
| 505 | _aVida, herencia y desarrollo. -- La naturaleza de los seres vivientes. -- La ciencia de la genética. -- El crecimiento del embrión. | ||
| 563 | _aRústico | ||
| 650 | 7 |
_aCreación _9251 |
|
| 650 | 0 |
_aBiología _915 |
|
| 653 | _aGenética | ||
| 700 |
_aEscuain, Santiago. _etraductor _92132 |
||
| 942 | _cBK | ||
| 945 | _aJTF-925 | ||
| 999 |
_c34205 _d34205 |
||